Word Chain #1 - Statistics

General Stats
  • This quiz has been taken 20 times
  • The average score is 6 of 20
Answer Stats
Hint Answer Hint % Correct
Pillow Case Closed
100%
Haunted House Arrest
75%
Alarm Clock Face
69%
Forest Fire Alarm
69%
Piegon Pie Crust
50%
Breaking News Paper
44%
Church Bell Tower
38%
Closed Circuit Breaker
38%
Toad Stool Pigeon
38%
Lock Jaw Breaker
19%
Good Will Power
19%
Arrest Record Player
13%
Paper Airplane Mode
6%
Tower Bridge Head
6%
Go Fish Market
6%
Valley Fog Horn
0%
Horn Section Formula
0%
Power Supply Drop
0%
Breaker Switch On
0%
Market Town House
0%
No matching quizzes found
Score Distribution
Percent of People with Each Score
Percentile by Number Answered
Your Score History
You have not taken this quiz